| 000 | 01005nam a22003017a 4500 | ||
|---|---|---|---|
| 003 | CHAP | ||
| 005 | 20220329134355.0 | ||
| 008 | 971013s1974 r 00010 d | ||
| 010 | _a19565 | ||
| 011 | _a20537 | ||
| 035 | _a24625 | ||
| 040 | _cCHAP | ||
| 082 |
_a636.0892 _bA5 |
||
| 110 |
_aAmerican Society of Animal Science. Champaign, Ill. _95297 |
||
| 245 | _aProtein synthesis and muscle growth; a symposium... | ||
| 260 |
_aChampaign, Ill., _c1974 |
||
| 300 |
_app. 1049-1164 _b: ilus |
||
| 500 | _aEs parte de una pub. más amplia pero nose detectó su título | ||
| 590 |
_aBATCH-UPD _b10 _c20130110 _lUCH01 _h2231 |
||
| 590 |
_aBATCH-UPD _b10 _c20130410 _lUCH01 _h1526 |
||
| 590 |
_aBATCH-UPD _b10 _c20130914 _lUCH01 _h1943 |
||
| 590 |
_aCONVERSION _b10 _c20130109 _lUCH01 _h1312 |
||
| 650 | 1 | 4 |
_aAnimales domesticos _xCrecimiento. _95895 |
| 650 | 1 | 4 |
_aProteínas _xMetabolismo. _992450 |
| 901 | _aBK | ||
| 942 | _cLIBRO | ||
| 949 |
_a636.0892 A5 _bBC _cLIBRO _d33724000276937 _eLIBRO _h54879 _i24625 _si |
||
| 999 |
_c19565 _d19565 |
||